000
00316nam a22001337a 4500
008
190227b xxu||||| |||| 00| 0 eng d
020
_a
9780073526805
041
_a
eng
080
_a
338
100
_a
52
101
_a
MNG
245
_a
Cost Management. Strategies for Business Decisions
_c
Hilton
942
_2
udc
_c
BK
999
_c
54358
_d
54358